Biology of fatty acids biochemical, nutritional and pharmacological functions.

Biology of Fatty Acids: Biochemical, Nutritional, and Pharmacological Functions offers an in-depth exploration of the vital roles fatty acids play in human health. From their influence on metabolism and immune functions to their potential in disease prevention and treatment, this book covers a wide...

Full description

Bibliographic Details
Corporate Author: ScienceDirect (Online service)
Format: eBook
Language:English
Published: CAMBRIDGE : ACADEMIC PRESS, 2025.
Edition:1ST ED.
Subjects:
Online Access:Connect to the full text of this electronic book

MARC

Tag First Indicator Second Indicator Subfields
LEADER 00000cam a2200000 4500
001 in00005776621
005 20260327191551.8
006 m o d
007 cr |||||||||||
008 251129s2025 xx o 000 0 eng d
040 |a YDX  |b eng  |c YDX  |d OPELS  |d OCLCO  |d OCLCQ 
020 |a 0443332975  |q (electronic bk.) 
020 |a 9780443332975  |q (electronic bk.) 
020 |z 9780443332968 
035 |a (OCoLC)1555175515 
050 4 |a QP752.F35 
082 0 4 |a 612.01577  |2 23/eng/20251210 
049 |a TXAM 
245 0 0 |a Biology of fatty acids  |b biochemical, nutritional and pharmacological functions. 
250 |a 1ST ED. 
260 |a CAMBRIDGE :  |b ACADEMIC PRESS,  |c 2025. 
300 |a 1 online resource 
336 |a text  |b txt  |2 rdacontent 
337 |a computer  |b c  |2 rdamedia 
338 |a online resource  |b cr  |2 rdacarrier 
520 |a Biology of Fatty Acids: Biochemical, Nutritional, and Pharmacological Functions offers an in-depth exploration of the vital roles fatty acids play in human health. From their influence on metabolism and immune functions to their potential in disease prevention and treatment, this book covers a wide range of topics. With contributions from leading experts, it examines the latest research on fatty acids in nutrition, emerging plant-based sources, and their pharmacological potential in treating conditions like neurodegenerative diseases and cancer. A must-read for scientists, healthcare professionals, and anyone interested in the transformative impact of fatty acids on human health. 
650 0 |a Fatty acids. 
650 2 |a Fatty Acids 
650 6 |a Acides gras. 
650 7 |a fatty acid.  |2 aat 
655 7 |a Electronic books.  |2 local 
710 2 |a ScienceDirect (Online service) 
856 4 0 |u http://proxy.library.tamu.edu/login?url=https://www.sciencedirect.com/science/book/9780443332968  |z Connect to the full text of this electronic book  |t 0 
936 |a BATCHLOAD 
955 |a Elsevier ScienceDirect 2026-2027 
994 |a 92  |b TXA 
999 f f |i 6916237b-9375-4929-adcf-180f01c26bdf  |s 047741fb-1cbb-4e6b-a873-24646e14c328  |t 0 
952 f f |a Texas A&M University  |b College Station  |c Electronic Resources  |s www_evans  |d Available Online  |t 0  |e QP752.F35   |h Library of Congress classification 
998 f f |a QP752.F35   |t 0  |l Available Online